[Event "CrunchLab Masters Div 3 L"]
[Site "chess.com INT"]
[Date "2024.07.19"]
[Round "1.1"]
[White "Blohberger, Felix"]
[Black "Sindarov, Javokhir"]
[Result "1-0"]
[WhiteTitle "GM"]
[BlackTitle "GM"]
[WhiteElo "2527"]
[BlackElo "2674"]
[WhiteFideId "1632051"]
[BlackFideId "14205483"]
[EventDate "2024.07.19"]
[EventType "k.o."]

1. Nf3 Nf6 2. g3 g6 3. b3 Bg7 4. Bb2 d6 5. d4 O-O 6. Bg2 e5 7. dxe5 Nfd7 8. Nc3
Nxe5 9. Nxe5 dxe5 10. Qxd8 Rxd8 11. Nd5 Rd7 12. O-O-O Nc6 13. Rd2 f5 14. Rhd1
Rf7 15. Ne3 Be6 16. Bxc6 bxc6 17. Rd8+ Rf8 18. Rxa8 Rxa8 19. Nc4 Bh6+ 20. e3 f4
21. Bxe5 Bxc4 22. bxc4 fxe3 23. fxe3 Bxe3+ 24. Kb2 Rb8+ 25. Kc3 Rf8 26. Rd7 Rf7
27. Rxf7 Kxf7 28. Bd4 Bg5 29. Bxa7 Ke6 30. a4 Kd6 31. Bd4 c5 32. Bf2 Kc6 33. Kd3
Kb6 34. Be1 Bf6 35. Ke4 c6 36. g4 Ka6 37. h3 Kb6 38. Kd3 Ka6 39. Bd2 Kb6 40. Ke4
Ka6 41. Be3 Ka5 42. Bxc5 Kxa4 43. Bd4 Bh4 44. Bc3 Bg3 45. Be5 Bh4 46. Bd6 Bf6
47. Bc5 Bc3 48. Ke3 Bf6 49. Kf4 Bc3 50. Kg5 Bg7 51. h4 Ka5 52. h5 gxh5 53. gxh5
Ka6 54. Kf5 Kb7 55. Ke6 1-0

[Event "CrunchLab Masters Div 3 L"]
[Site "chess.com INT"]
[Date "2024.07.19"]
[Round "1.1"]
[White "Dragun, Kamil"]
[Black "Dreev, Aleksey"]
[Result "0-1"]
[WhiteTitle "GM"]
[BlackTitle "GM"]
[WhiteElo "2528"]
[BlackElo "2595"]
[WhiteFideId "1134167"]
[BlackFideId "4100107"]
[EventDate "2024.07.19"]
[EventType "k.o."]

1. d4 Nf6 2. c4 c6 3. Nc3 d5 4. cxd5 cxd5 5. Bf4 Nc6 6. e3 Bg4 7. Nf3 a6 8. Be2
e6 9. Ne5 Bxe2 10. Qxe2 Rc8 11. O-O Bd6 12. Bg3 Bxe5 13. dxe5 Nd7 14. Qh5 O-O
15. f4 Qb6 16. Nd1 Nb4 17. Rf3 Nc2 18. Rb1 f6 19. Bf2 fxe5 20. Rh3 Nf6 21. Qh4
exf4 22. exf4 Qb5 23. Nc3 Qb4 24. a3 Qd6 25. Rc1 d4 26. Ne4 Qe7 27. Nxf6+ gxf6
28. Rd1 Rfd8 29. Qh6 Ne3 30. Bxe3 dxe3 31. Re1 Rd3 32. Rhxe3 Rxe3 33. Rxe3 Rc1+
34. Kf2 Rc2+ 35. Kf3 Rxb2 36. Qh3 Rb6 37. Qg4+ Qg7 38. Qh5 Qg6 39. Qc5 Rc6 40.
Qe7 h5 41. Qd8+ Kh7 42. Rd3 Qg4+ 43. Ke3 Kg6 44. Rd7 Kf5 45. g3 Rc3+ 46. Kd2 Qf3
47. Qb6 Rxa3 48. Qd4 Ra2+ 0-1

[Event "CrunchLab Masters Div 3 L"]
[Site "chess.com INT"]
[Date "2024.07.19"]
[Round "1.1"]
[White "Kamsky, Gata"]
[Black "Ivic, Velimir"]
[Result "0-1"]
[WhiteTitle "GM"]
[BlackTitle "GM"]
[WhiteElo "2615"]
[BlackElo "2592"]
[WhiteFideId "2000024"]
[BlackFideId "950122"]
[EventDate "2024.07.19"]
[EventType "k.o."]

1. e4 c5 2. Nf3 d6 3. d4 cxd4 4. Nxd4 Nf6 5. Nc3 a6 6. a4 e5 7. Nf3 h6 8. Bc4
Be7 9. O-O Be6 10. Qe2 Qc7 11. Bb3 O-O 12. Rd1 Nbd7 13. Be3 Rac8 14. Nh4 Rfe8
15. Nf5 Bf8 16. f3 Nb6 17. a5 Nc4 18. Bxc4 Bxc4 19. Qd2 Be6 20. Bb6 Qc6 21. Ne3
Nd7 22. Ncd5 Nxb6 23. Nxb6 Rcd8 24. Ned5 Bxd5 25. Nxd5 Rc8 26. c3 Red8 27. Kh1
Qe8 28. b3 Be7 29. c4 Bg5 30. Qb4 Qc6 31. Rd3 Rb8 32. Rad1 Kh7 33. Qe1 Rd7 34.
Nb6 Rdd8 35. b4 Qc7 36. Rd5 Qe7 37. Qe2 Qe6 38. b5 h5 39. bxa6 bxa6 40. f4 Bxf4
41. c5 g6 42. c6 Qe7 43. g3 Bh6 44. Qxa6 Be3 45. R5d3 Bc5 46. Nd5 Qe6 0-1

[Event "CrunchLab Masters Div 3 L"]
[Site "chess.com INT"]
[Date "2024.07.19"]
[Round "1.1"]
[White "Lazavik, Denis"]
[Black "Gledura, Benjamin"]
[Result "1-0"]
[WhiteTitle "GM"]
[BlackTitle "GM"]
[WhiteElo "2578"]
[BlackElo "2620"]
[WhiteFideId "13515110"]
[BlackFideId "712779"]
[EventDate "2024.07.19"]
[EventType "k.o."]

1. d4 d5 2. c4 dxc4 3. Nf3 Nf6 4. e3 Bg4 5. Bxc4 e6 6. h3 Bh5 7. Nc3 Nc6 8. Bb5
Nd7 9. Qa4 Bxf3 10. gxf3 Ne7 11. Bd2 c6 12. Be2 Nf5 13. O-O-O Qh4 14. Be1 Be7
15. e4 Nb6 16. Qc2 Nd6 17. Rg1 O-O 18. Rg4 Qxh3 19. Bd2 f5 20. Rg3 Qh2 21. Qb3
Qxf2 22. Qxe6+ Rf7 23. Rdg1 Bf8 24. e5 Re8 25. Qb3 Nb5 26. Bxb5 cxb5 27. Qxb5
Rc8 28. Qd3 f4 29. R3g2 Qh4 30. Kb1 Nc4 31. Bc1 Qd8 32. Re2 Bb4 33. Rh2 g6 34.
Rxg6+ hxg6 35. Qxg6+ Rg7 36. Qe6+ Rf7 37. Qh6 Rg7 38. e6 Kf8 39. Rg2 1-0

[Event "CrunchLab Masters Div 3 L"]
[Site "chess.com INT"]
[Date "2024.07.19"]
[Round "1.1"]
[White "Samadov, Read"]
[Black "Meier, Georg"]
[Result "0-1"]
[WhiteTitle "IM"]
[BlackTitle "GM"]
[WhiteElo "2503"]
[BlackElo "2591"]
[WhiteFideId "13417444"]
[BlackFideId "4675789"]
[EventDate "2024.07.19"]
[EventType "k.o."]

1. d4 Nf6 2. c4 e6 3. Nf3 Bb4+ 4. Nbd2 O-O 5. a3 Be7 6. e4 d6 7. Be2 Nfd7 8. b4
e5 9. d5 a5 10. Bb2 axb4 11. axb4 Rxa1 12. Qxa1 c5 13. b5 Nb6 14. Qa7 Qc7 15.
O-O Bg4 16. Ra1 N8d7 17. Qa3 Ra8 18. Qb3 Qd8 19. Kf1 Rxa1+ 20. Bxa1 Bg5 21. Bc3
Bh6 22. Qa2 g6 23. h3 Bxf3 24. Nxf3 Qa8 25. Qxa8+ Nxa8 26. Bd3 Kf8 27. g3 Ke7
28. h4 Bc1 29. Ke2 Ba3 30. Bd2 h5 31. Be3 Nab6 32. Ne1 Bb2 33. f3 Na4 34. Bc2
Ndb6 35. Bb3 Bd4 36. Nd3 Nc3+ 37. Kd2 Nb1+ 38. Ke2 Nc3+ 39. Kd2 Nb1+ 40. Ke2 Na3
41. Bxd4 cxd4 42. c5 dxc5 43. Nxc5 Nxb5 44. Nxb7 f5 45. Kd3 Nd6 46. Na5 Nd7 47.
Nc6+ Kf6 48. exf5 Nc5+ 49. Kc2 Nxf5 50. g4 Nxh4 51. gxh5 gxh5 52. d6 Nxf3 53.
Bd5 Ng5 54. Kd2 h4 55. Ke2 d3+ 56. Ke3 e4 57. Nb4 h3 58. Nxd3 exd3 59. Bh1 Ke5
60. d7 Nxd7 61. Kxd3 Kf4 62. Ke2 Kg3 63. Kf1 Kh2 64. Bc6 Ne5 65. Bd5 Ng6 66. Kf2
Ne5 67. Bb7 Ng4+ 68. Kf1 Kg3 69. Kg1 Nf3+ 0-1

[Event "CrunchLab Masters Div 3 L"]
[Site "chess.com INT"]
[Date "2024.07.19"]
[Round "1.1"]
[White "Vokhidov, Shamsiddin"]
[Black "Makarian, Rudik"]
[Result "0-1"]
[WhiteTitle "GM"]
[BlackTitle "IM"]
[WhiteElo "2643"]
[BlackElo "2525"]
[WhiteFideId "14204223"]
[BlackFideId "44105681"]
[EventDate "2024.07.19"]
[EventType "k.o."]

1. e4 c5 2. Nf3 e6 3. d4 cxd4 4. Nxd4 Nc6 5. Nc3 Qc7 6. Be2 a6 7. Nxc6 bxc6 8.
Qd3 d5 9. Qg3 Qxg3 10. hxg3 Nf6 11. g4 Nxe4 12. Nxe4 dxe4 13. Be3 e5 14. g5 Bf5
15. O-O-O a5 16. a4 Be7 17. Bc4 O-O 18. c3 Rfd8 19. b3 Kf8 20. Kb2 Ke8 21. Rxd8+
Rxd8 22. g4 Bg6 23. Kc2 Kd7 24. Kd2 Kc7+ 25. Ke2 f6 26. gxf6 gxf6 27. Bh6 Bf8
28. Bxf8 Rxf8 29. Ke3 Kb6 30. b4 Ra8 31. Bb3 Rd8 32. Rd1 Rf8 33. Be6 Ra8 34. Bb3
Kc7 35. Bc2 h5 36. gxh5 Bxh5 37. Rg1 Bf3 38. Rg7+ Kd6 39. Rf7 Ke6 40. Rc7 f5 41.
Rxc6+ Ke7 42. Rc5 Kf6 43. Rc6+ Kg5 44. Rc5 Kf6 45. Rc6+ Kg5 46. Rc5 axb4 47.
cxb4 Rd8 48. Rxe5 Kg4 0-1

[Event "CrunchLab Masters Div 3 L"]
[Site "chess.com INT"]
[Date "2024.07.19"]
[Round "1.1"]
[White "Makarian, Rudik"]
[Black "Vokhidov, Shamsiddin"]
[Result "1/2-1/2"]
[WhiteTitle "IM"]
[BlackTitle "GM"]
[WhiteElo "2525"]
[BlackElo "2643"]
[WhiteFideId "44105681"]
[BlackFideId "14204223"]
[EventDate "2024.07.19"]
[EventType "k.o."]

1. d4 Nf6 2. c4 e6 3. Nf3 d5 4. Nc3 Bb4 5. Qb3 a5 6. cxd5 exd5 7. Bg5 c6 8. e3
O-O 9. Bd3 h6 10. Bh4 Nbd7 11. O-O Re8 12. Qc2 Be7 13. a3 b6 14. Rad1 Bb7 15.
Rfe1 b5 16. h3 Ba6 17. a4 Qb6 18. Ne5 b4 19. Nxd7 Nxd7 20. Bxe7 Rxe7 21. Ne2 Bb7
22. Bf5 Nf8 23. Nc1 g6 24. Bd3 Ne6 25. Nb3 Rae8 26. Rc1 Kg7 27. Qd2 Bc8 28. Nc5
Ng5 29. h4 Nh7 30. e4 dxe4 31. Bxe4 Qd8 32. Re3 Qd6 33. Rce1 Rd8 34. Bf3 Rxe3
35. Qxe3 Qxd4 36. Qxd4+ Rxd4 37. Nb3 Rxh4 38. Nxa5 b3 39. Re4 1/2-1/2

[Event "CrunchLab Masters Div 3 L"]
[Site "chess.com INT"]
[Date "2024.07.19"]
[Round "1.2"]
[White "Dragun, Kamil"]
[Black "Dreev, Aleksey"]
[Result "0-1"]
[WhiteTitle "GM"]
[BlackTitle "GM"]
[WhiteElo "2528"]
[BlackElo "2595"]
[WhiteFideId "1134167"]
[BlackFideId "4100107"]
[EventDate "2024.07.19"]
[EventType "k.o."]

1. d4 d5 2. c4 c6 3. Nc3 Nf6 4. Nf3 dxc4 5. g3 b5 6. Bg2 Bb7 7. O-O e6 8. e4 Be7
9. Qe2 Nbd7 10. Rd1 a6 11. h3 O-O 12. g4 c5 13. g5 Nh5 14. Ne5 g6 15. dxc5 Nxe5
16. Rxd8 Rfxd8 17. Be3 Nd3 18. h4 Nhf4 19. Bxf4 Nxf4 20. Qe3 Nd3 21. e5 Bxc5 22.
Qd2 Nxf2 23. Qe2 Rd2 24. Qxd2 Ne4+ 25. Kh1 Nxd2 26. Bxb7 Ra7 27. Bg2 Rd7 28. Rd1
Rd4 0-1

[Event "CrunchLab Masters Div 3 L"]
[Site "chess.com INT"]
[Date "2024.07.19"]
[Round "1.2"]
[White "Dreev, Aleksey"]
[Black "Dragun, Kamil"]
[Result "0-1"]
[WhiteTitle "GM"]
[BlackTitle "GM"]
[WhiteElo "2595"]
[BlackElo "2528"]
[WhiteFideId "4100107"]
[BlackFideId "1134167"]
[EventDate "2024.07.19"]
[EventType "k.o."]

1. d4 Nf6 2. Nf3 g6 3. Bg5 Bg7 4. Nbd2 O-O 5. e4 d5 6. exd5 Nxd5 7. c3 h6 8. Bh4
f5 9. Bc4 g5 10. Bxg5 hxg5 11. Nxg5 e6 12. h4 c5 13. dxc5 Nc6 14. Qh5 Nf6 15.
Qe2 Re8 16. O-O-O Qe7 17. Nb3 Nh7 18. Qh5 Nxg5 19. hxg5 Ne5 20. Bb5 Bd7 21. Bxd7
Nxd7 22. g4 Nf8 23. Nd4 fxg4 24. Qxg4 Qxc5 25. Rhe1 Rad8 26. Re4 Qd5 27. Nb3
Qxd1+ 28. Qxd1 Rxd1+ 29. Kxd1 Rd8+ 30. Ke2 b6 31. Nd2 Rd5 32. Ra4 a5 33. f4 Nd7
34. Rc4 Kf7 35. Rc7 Kg6 36. c4 Rd6 37. Ne4 Rd4 38. Ke3 e5 39. fxe5 Bxe5 40. Rc6+
Kf5 41. Nc3 Rg4 42. Nd5 Bd4+ 43. Ke2 Ne5 44. Rf6+ Ke4 45. Nxb6 Rg2+ 46. Kf1 Rxb2
47. Nd5 Nd3 48. Rf7 Rxa2 49. g6 Ra1+ 50. Ke2 Ra2+ 51. Kf1 Ra1+ 52. Ke2 Rg1 53.
Re7+ Be5 54. Nc3+ Kd4 55. Nb5+ Kxc4 56. Na3+ Kd4 57. Nb5+ Ke4 58. Nc3+ Kf5 59.
Kxd3 Rg3+ 60. Kd2 Bxc3+ 61. Kc2 Kxg6 62. Re8 Kf7 63. Re4 Bb4 0-1

[Event "CrunchLab Masters Div 3 L"]
[Site "chess.com INT"]
[Date "2024.07.19"]
[Round "1.2"]
[White "Gledura, Benjamin"]
[Black "Lazavik, Denis"]
[Result "1/2-1/2"]
[WhiteTitle "GM"]
[BlackTitle "GM"]
[WhiteElo "2620"]
[BlackElo "2578"]
[WhiteFideId "712779"]
[BlackFideId "13515110"]
[EventDate "2024.07.19"]
[EventType "k.o."]

1. e4 e5 2. Nf3 Nc6 3. Bb5 Nf6 4. O-O Nxe4 5. d4 Nd6 6. Bxc6 dxc6 7. dxe5 Nf5 8.
Qxd8+ Kxd8 9. Nc3 Ke8 10. h3 h5 11. a3 Be7 12. Re1 Nh4 13. Nxh4 Bxh4 14. Ne4 Bf5
15. c3 Rd8 16. Bf4 Be7 17. Nd6+ cxd6 18. exd6 Be6 19. dxe7 Kxe7 20. Re3 Rd5 21.
Rae1 b5 22. Be5 Rg8 23. Rg3 g6 24. Rf3 Rc8 25. Bf6+ Kd7 26. h4 c5 27. g3 Kc6 28.
Bg5 Kb7 29. Rf6 Rc6 30. Rexe6 Rxe6 31. Rxf7+ Kb6 32. Be3 Rf5 33. Rg7 a5 34. b4
a4 35. Bxc5+ Kc6 36. Bd4 1/2-1/2

[Event "CrunchLab Masters Div 3 L"]
[Site "chess.com INT"]
[Date "2024.07.19"]
[Round "1.2"]
[White "Ivic, Velimir"]
[Black "Kamsky, Gata"]
[Result "1/2-1/2"]
[WhiteTitle "GM"]
[BlackTitle "GM"]
[WhiteElo "2592"]
[BlackElo "2615"]
[WhiteFideId "950122"]
[BlackFideId "2000024"]
[EventDate "2024.07.19"]
[EventType "k.o."]

1. e4 c5 2. Nf3 e6 3. d4 cxd4 4. Nxd4 a6 5. c4 Bc5 6. Nb3 Ba7 7. Nc3 d6 8. Bd3
Nf6 9. O-O O-O 10. Kh1 e5 11. Bg5 h6 12. Bh4 Be6 13. Nd5 Bxd5 14. exd5 Nbd7 15.
Nd2 a5 16. Bf5 Qc7 17. Rc1 Rae8 18. a3 Bd4 19. Qc2 Qb6 20. Nb3 Bxb2 21. Rb1 Bxa3
22. Nd2 Bb4 23. Ne4 g5 24. Nxg5 hxg5 25. Qc1 Nh7 26. Bxh7+ Kxh7 27. Qxg5 Rg8 28.
Qh5+ Kg7 29. Qg5+ Kf8 30. Qh6+ Rg7 31. Qh8+ Rg8 32. Qh6+ Rg7 33. Qh8+ Rg8 34.
Qh6+ 1/2-1/2

[Event "CrunchLab Masters Div 3 L"]
[Site "chess.com INT"]
[Date "2024.07.19"]
[Round "1.2"]
[White "Meier, Georg"]
[Black "Samadov, Read"]
[Result "1-0"]
[WhiteTitle "GM"]
[BlackTitle "IM"]
[WhiteElo "2591"]
[BlackElo "2503"]
[WhiteFideId "4675789"]
[BlackFideId "13417444"]
[EventDate "2024.07.19"]
[EventType "k.o."]

1. Nf3 Nf6 2. g3 g6 3. Bg2 Bg7 4. O-O O-O 5. d4 d6 6. b3 b5 7. Nbd2 Bb7 8. c4 a6
9. Bb2 Nbd7 10. Qc2 c5 11. d5 Rb8 12. Rab1 Re8 13. Rfd1 Qc7 14. a3 Nb6 15. e4 e5
16. Bc3 Bc8 17. Ba5 Qe7 18. b4 Na4 19. bxc5 Nxc5 20. Bb4 Nfd7 21. Bf1 f5 22.
exf5 gxf5 23. Nh4 f4 24. Nb3 Nxb3 25. Rxb3 Nf6 26. Nf5 Bxf5 27. Qxf5 bxc4 28.
Bxc4 Qc7 29. Bxa6 Kh8 30. Rc3 Qa7 31. Rc6 Rb6 32. Bf1 fxg3 33. hxg3 e4 34. Bxd6
Rxc6 35. dxc6 e3 36. c7 exf2+ 37. Qxf2 Qa4 38. Rd4 Qb3 39. Rc4 Rc8 40. Qf5 Qb6+
41. Kh1 Qb7+ 42. Bg2 Qa6 43. Rc6 Qb7 44. Rb6 Qxb6 45. Qxc8+ Ng8 46. Qb8 Qxd6 47.
c8=Q Qd1+ 48. Kh2 Qh5+ 49. Qh3 Qf7 50. Qa8 Be5 51. Qg4 h5 52. Qg5 Bg7 53. Qad5
Qf8 54. Qdd8 Qf7 55. Qdd5 Qf8 56. Qxh5+ Nh6 57. Qe6 Qb8 58. Qee8+ 1-0

[Event "CrunchLab Masters Div 3 L"]
[Site "chess.com INT"]
[Date "2024.07.19"]
[Round "1.2"]
[White "Sindarov, Javokhir"]
[Black "Blohberger, Felix"]
[Result "1-0"]
[WhiteTitle "GM"]
[BlackTitle "GM"]
[WhiteElo "2674"]
[BlackElo "2527"]
[WhiteFideId "14205483"]
[BlackFideId "1632051"]
[EventDate "2024.07.19"]
[EventType "k.o."]

1. e4 e5 2. Nf3 Nc6 3. Bc4 Bc5 4. a3 d6 5. d3 Nf6 6. h3 O-O 7. Nc3 Be6 8. Bxe6
fxe6 9. Na4 Bb6 10. O-O Qe8 11. c3 Ne7 12. b4 Ng6 13. Ra2 Kh8 14. Re1 h6 15. g3
Rf7 16. Kg2 Qd7 17. Nxb6 axb6 18. a4 b5 19. a5 b6 20. Be3 bxa5 21. Rxa5 Rxa5 22.
bxa5 c5 23. Qb3 Qe8 24. Rb1 Rb7 25. Nd2 Nf8 26. Nc4 Qd8 27. a6 Rb8 28. a7 Rb7
29. Ra1 Qa8 30. Nxd6 Rxa7 31. Rxa7 Qxa7 32. Qxb5 N8d7 33. Qc6 Qa1 34. Nf7+ Kh7
35. Qxe6 Qxc3 36. Qf5+ Kg8 37. Qg6 Kf8 38. Nd6 Qb3 39. g4 Qe6 40. Nc4 Qf7 41.
Qf5 g6 42. Bxh6+ Kg8 43. Qf3 Kh7 44. Be3 Qe6 45. Qg3 Kg7 46. Qh4 Nb6 47. Qh6+
Kf7 48. Nd2 c4 49. Nf3 Qd6 50. Ng5+ Ke7 51. Qg7+ Ke8 52. dxc4 Nxc4 53. Qf7+ 1-0

[Event "CrunchLab Masters Div 3 L"]
[Site "chess.com INT"]
[Date "2024.07.19"]
[Round "1.3"]
[White "Sindarov, Javokhir"]
[Black "Blohberger, Felix"]
[Result "1-0"]
[WhiteTitle "GM"]
[BlackTitle "GM"]
[WhiteElo "2674"]
[BlackElo "2527"]
[WhiteFideId "14205483"]
[BlackFideId "1632051"]
[EventDate "2024.07.19"]
[EventType "k.o."]

1. e4 e6 2. Nf3 d5 3. Nc3 Nf6 4. e5 Nfd7 5. d4 c5 6. Ne2 Nc6 7. c3 Qb6 8. a3
cxd4 9. cxd4 f6 10. exf6 Nxf6 11. Ng3 Bd6 12. Bd3 O-O 13. O-O Bd7 14. Be3 Qxb2
15. Rb1 Qxa3 16. Rxb7 Rab8 17. Rxd7 Nxd7 18. Ng5 Nf6 19. Nxe6 Bxg3 20. hxg3 Rfe8
21. Nf4 Qd6 22. Nh5 Nxh5 23. Qxh5 g6 24. Qg5 Rbd8 25. Rc1 Rf8 26. Bb5 Ne7 27.
Bf4 Qf6 28. Rc7 Qxg5 29. Bxg5 Nf5 30. Bxd8 Rxd8 31. Rxa7 Nxd4 32. Bd7 Nb3 33.
Rc7 Nc5 34. Bc8 Ne4 35. Ba6 Nf6 36. f3 Rd7 37. Rc6 Kg7 38. Kf2 Kf7 39. Bd3 Kg7
40. Ke3 d4+ 41. Kf2 Rd8 42. g4 g5 43. Ra6 h6 44. Rc6 Rd7 45. Bf5 Rd8 46. Rc7+
Kg8 47. Bd3 Rd6 48. g3 Rd7 49. Rc6 Kg7 50. Bf5 Rd8 51. Rc7+ Kg8 52. Ke2 Rd6 53.
Kd3 Rd8 54. Be6+ Kh8 55. Rc5 Rd6 56. Rc8+ Kg7 57. Rc7+ Kh8 58. Bc4 Rd8 59. Rf7
Rd6 60. Ra7 Rd7 61. Ra6 Kg7 62. Be6 Rd8 63. f4 Ng8 64. Ra7+ Kf6 65. Bf5 Ne7 66.
Be4 Nd5 67. Ra6+ Kf7 68. Bxd5+ Rxd5 69. Rxh6 Kg7 70. Re6 Kf7 71. Re5 Rd8 72.
Rf5+ Ke6 73. Rxg5 Kf6 74. Re5 Rd7 75. g5+ Kg6 76. g4 Rd8 77. Re6+ Kf7 78. f5 Rd5
79. g6+ Kg7 80. Re7+ Kf8 81. f6 Rd8 82. Rh7 Kg8 83. f7+ 1-0

[Event "CrunchLab Masters Div 3 L"]
[Site "chess.com INT"]
[Date "2024.07.20"]
[Round "2.1"]
[White "Beerdsen, Thomas"]
[Black "Klekowski, Maciej"]
[Result "0-1"]
[WhiteTitle "GM"]
[BlackTitle "GM"]
[WhiteElo "2510"]
[BlackElo "2463"]
[WhiteFideId "1030108"]
[BlackFideId "1132717"]
[EventDate "2024.07.19"]
[EventType "k.o."]

1. e4 c5 2. Nf3 e6 3. d4 cxd4 4. Nxd4 Nc6 5. Bf4 d6 6. Nxc6 bxc6 7. c4 e5 8. Be3
f5 9. exf5 Bxf5 10. Bd3 Bxd3 11. Qxd3 Nf6 12. Nc3 Be7 13. O-O O-O 14. h3 d5 15.
cxd5 cxd5 16. Bg5 d4 17. Bxf6 gxf6 18. Ne2 Qd7 19. f4 Bd6 20. fxe5 Bxe5 21. Rf5
Rab8 22. Raf1 Rf7 23. b3 Qb5 24. Nf4 a6 25. Qf3 Qb7 26. Qh5 Rg7 27. Rf2 Rc8 28.
Rxe5 fxe5 29. Qxe5 Qe7 30. Qxd4 Rd8 31. Qc3 Qd6 32. Nh5 Qd1+ 33. Kh2 Qxh5 34.
Qc4+ Qd5 35. Qc3 Qd6+ 36. Kh1 Qd1+ 37. Kh2 Qd4 38. Qc2 Qd6+ 39. Kh1 Qd1+ 40. Kh2
Qxc2 41. Rxc2 Rg6 42. b4 Rgd6 43. a4 Rb8 44. Rc4 Rdb6 45. Rg4+ Kh8 46. b5 axb5
47. axb5 Rxb5 48. Rc4 R5b7 49. h4 Rf7 50. g3 Rbf8 51. Kh3 Rf5 52. Ra4 R8f7 53.
Ra6 Kg7 54. Rb6 Rf1 55. h5 Rd7 56. g4 h6 57. Rb3 Rfd1 58. Kh4 R1d3 59. Rb6 Re7
60. Rg6+ Kh7 61. Ra6 Ree3 62. Ra7+ Kg8 63. Ra8+ Kf7 64. Ra7+ Ke8 65. Ra8+ Kd7
66. Ra7+ Kc8 0-1

[Event "CrunchLab Masters Div 3 L"]
[Site "chess.com INT"]
[Date "2024.07.20"]
[Round "2.1"]
[White "L'Ami, Erwin"]
[Black "Sindarov, Javokhir"]
[Result "0-1"]
[WhiteTitle "GM"]
[BlackTitle "GM"]
[WhiteElo "2635"]
[BlackElo "2674"]
[WhiteFideId "1007998"]
[BlackFideId "14205483"]
[EventDate "2024.07.19"]
[EventType "k.o."]

1. d4 Nf6 2. c4 e6 3. Nf3 d5 4. Nc3 c6 5. Bg5 h6 6. Bxf6 Qxf6 7. e3 g6 8. Be2
Bg7 9. O-O O-O 10. Rc1 Qe7 11. a3 Nd7 12. cxd5 exd5 13. b4 Nb6 14. Qb3 Be6 15.
Nd2 Rfe8 16. a4 a6 17. a5 Nc8 18. Na4 Nd6 19. Nc5 Rad8 20. Bd3 Bc8 21. Qc2 h5
22. Rce1 Qc7 23. Qc1 Re7 24. h3 Rde8 25. Qd1 Bf5 26. Bxf5 Nxf5 27. Nf3 Nd6 28.
Qd3 Qc8 29. Re2 Ne4 30. Qc2 Qd8 31. g3 Nxc5 32. bxc5 Qxa5 33. Rb1 Ra8 34. Kg2
Qd8 35. Qd3 Ra7 36. Reb2 Rd7 37. Rb3 Bf6 38. R3b2 Qa8 39. Rb3 Re7 40. R3b2 Re8
41. Rb3 a5 42. Ra3 Ra6 43. Rbb3 Qa7 44. Qb1 Rb8 45. Qa2 b5 46. cxb6 Rbxb6 47.
Rxb6 Qxb6 48. Rb3 Qc7 49. Qb1 Ra7 50. Rc3 a4 51. Qc1 Ra6 52. Ne1 Be7 53. Nc2 Qa5
54. Na3 Rb6 55. h4 Rb3 56. Nb1 Qb4 57. Rxb3 Qxb3 58. Qxc6 Qxb1 59. Qxa4 Qe4+ 60.
Kg1 Kg7 61. Qd7 Bb4 62. Qb5 Bd6 63. Kh2 Qf3 64. Kg1 Bxg3 65. fxg3 Qxg3+ 66. Kh1
Qh3+ 67. Kg1 Qxe3+ 68. Kh2 0-1

[Event "CrunchLab Masters Div 3 L"]
[Site "chess.com INT"]
[Date "2024.07.20"]
[Round "2.1"]
[White "Lazavik, Denis"]
[Black "Bok, Benjamin"]
[Result "1/2-1/2"]
[WhiteTitle "GM"]
[BlackTitle "GM"]
[WhiteElo "2578"]
[BlackElo "2587"]
[WhiteFideId "13515110"]
[BlackFideId "1017063"]
[EventDate "2024.07.19"]
[EventType "k.o."]

1. d4 Nf6 2. c4 g6 3. Nc3 d5 4. cxd5 Nxd5 5. Bd2 Bg7 6. e4 Nxc3 7. Bxc3 O-O 8.
Qd2 Nc6 9. Nf3 Bg4 10. d5 Bxf3 11. Bxg7 Kxg7 12. gxf3 Ne5 13. O-O-O c6 14. Bh3
cxd5 15. Qc3 f6 16. f4 Nf7 17. exd5 Qb6 18. Rhe1 Qxf2 19. Rxe7 Qxf4+ 20. Kb1
Rae8 21. Rde1 Rxe7 22. Rxe7 Qxh2 23. Be6 Qg1+ 24. Kc2 Qf2+ 25. Kb1 Qf1+ 26. Kc2
Qe2+ 27. Kc1 Qf1+ 28. Kc2 Qe2+ 29. Kc1 Qf1+ 30. Kc2 1/2-1/2

[Event "CrunchLab Masters Div 3 L"]
[Site "chess.com INT"]
[Date "2024.07.20"]
[Round "2.1"]
[White "Meier, Georg"]
[Black "Kuzubov, Yuriy"]
[Result "0-1"]
[WhiteTitle "GM"]
[BlackTitle "GM"]
[WhiteElo "2591"]
[BlackElo "2606"]
[WhiteFideId "4675789"]
[BlackFideId "14112906"]
[EventDate "2024.07.19"]
[EventType "k.o."]

1. Nf3 d5 2. g3 Nf6 3. Bg2 e6 4. c4 Be7 5. d4 O-O 6. Nc3 c6 7. O-O Nbd7 8. Qd3
b6 9. e4 Ba6 10. b3 dxc4 11. bxc4 e5 12. Ne2 Bd6 13. Qc2 Re8 14. Bb2 Qc7 15.
Rfe1 Rad8 16. Rad1 Bb4 17. Rf1 exd4 18. Nexd4 Nxe4 19. Qa4 Ba5 20. Qxc6 Rc8 21.
Qxc7 Rxc7 22. Nb3 Bxc4 23. Rc1 Bc3 24. Rfd1 Bxb2 25. Rxc4 Rxc4 26. Rxd7 Ra4 27.
Bf1 Rxa2 28. Bc4 Rf8 29. Ne1 Ra4 30. Bf1 Rb4 31. Re7 Bf6 0-1

[Event "CrunchLab Masters Div 3 L"]
[Site "chess.com INT"]
[Date "2024.07.20"]
[Round "2.1"]
[White "Santos Latasa, Jaime"]
[Black "Dreev, Aleksey"]
[Result "1-0"]
[WhiteTitle "GM"]
[BlackTitle "GM"]
[WhiteElo "2631"]
[BlackElo "2595"]
[WhiteFideId "2293307"]
[BlackFideId "4100107"]
[EventDate "2024.07.19"]
[EventType "k.o."]

1. d4 Nf6 2. Nf3 d5 3. c4 c6 4. e3 Bf5 5. Nc3 e6 6. Nh4 Be4 7. f3 Bg6 8. Bd2 Be7
9. Nxg6 hxg6 10. Qc2 Nbd7 11. O-O-O a6 12. Kb1 dxc4 13. Bxc4 b5 14. Be2 c5 15.
d5 exd5 16. g4 b4 17. Na4 c4 18. g5 Nh5 19. Bc1 Qa5 20. e4 Nb6 21. Nxb6 Qxb6 22.
exd5 O-O 23. Bxc4 Bd6 24. Rhe1 Rfc8 25. Re4 a5 26. Be3 Qd8 27. Qa4 f5 28. gxf6
Nxf6 29. Bg5 Ra7 30. Rde1 Rf7 31. Qc2 Qc7 32. Rh4 Re7 33. Rc1 Rf7 34. Qxg6 Qe7
35. Bxf6 Rxf6 36. Qh7+ Kf7 37. Qh5+ g6 38. Qh7+ Ke8 39. Re4 1-0

[Event "CrunchLab Masters Div 3 L"]
[Site "chess.com INT"]
[Date "2024.07.20"]
[Round "2.1"]
[White "Svane, Rasmus"]
[Black "Ivic, Velimir"]
[Result "1-0"]
[WhiteTitle "GM"]
[BlackTitle "GM"]
[WhiteElo "2633"]
[BlackElo "2592"]
[WhiteFideId "4657101"]
[BlackFideId "950122"]
[EventDate "2024.07.19"]
[EventType "k.o."]

1. d4 Nf6 2. Nf3 g6 3. c4 Bg7 4. g3 O-O 5. Bg2 d6 6. Nc3 Bf5 7. Nh4 Bc8 8. O-O
c6 9. Nf3 Bf5 10. Be3 Qc7 11. Rc1 e5 12. h3 Na6 13. g4 Bc8 14. Qd2 Qe7 15. Rfd1
exd4 16. Bxd4 Be6 17. g5 Ne8 18. Bxg7 Kxg7 19. Qe3 Kg8 20. Nd4 Nac7 21. b4 Ng7
22. Ne4 Rad8 23. Nf6+ Kh8 24. Bxc6 Rb8 25. Bxb7 Na6 26. Bxa6 1-0